[Event "AUTO-OPEN-4626"]
[Site "http://www.queenalice.com/game.php?id=1866105"]
[Date "2025.11.24"]
[Round "1"]
[White "Fredo"]
[Black "mvson33"]
[Result "1/2-1/2"]
[WhiteElo "2093"]
[BlackElo "1935"]

1. e4 c5 2. Nf3 Nc6 3. Bb5 d6 4. O-O Bd7 5. c3 g6 6. d4 cxd4 7. cxd4 Bg7 8. Be3
Nf6 9. Nc3 O-O 10. Rc1 Rc8 11. Qd2 Nb8 12. Be2 Nc6 13. a3 Na5 14. Qe1 Nc4 15.
Nd1 Nxe3 16. Nxe3 Rxc1 17. Qxc1 Nxe4 18. Rd1 Nf6 19. Bf1 Qb6 20. b4 Rc8 21. Qb1
Ba4 22. Rc1 Rxc1 23. Qxc1 Bb5 24. Nc4 Bxc4 25. Qxc4 Qc6 26. Qe2 Kf8 27. b5 Qc3
28. a4 Qb4 29. Qc2 Kg8 30. Qc8+ Bf8 31. Qxb7 Qxa4 32. h3 Qa5 33. Nd2 Qb6 34.
Qxb6 axb6 35. f3 Bg7 36. Bc4 d5 37. Bd3 Ne8 38. f4 Nd6 39. Nf3 Nf5 40. Kf2 Nxd4
41. Nxd4 Bxd4+ 42. Kf3 e6 43. Kg4 Kg7 44. Kf3 Kf6 45. g4 Kg7 46. Ke2 h5 47. Kf3
Bc5 48. Kg3 hxg4 49. hxg4 f5 50. gxf5 gxf5 51. Kh4 Kf6 52. Kg3 e5 53. fxe5+ Kxe5
54. Kf3 f4 55. Be2 Be3 56. Bd3 Kd4 57. Bf1 Kc3 58. Ke2 d4 59. Kd1 d3 60. Bg2 Kb4
61. Bc6 f3 62. Bxf3 Kxb5 63. Be4 Kc4 64. Bb7 Kb4 65. Be4 Kc3 66. Bc6 Kc4 67. Bb7
Kb4 68. Be4 Kc3 69. Bc6 d2 70. Bb5 Kb4 71. Bd3 b5 72. Kc2 Ka4 73. Be2 b4 74. Kb2
Bd4+ 75. Kb1 Ka3 76. Bd1 b3 77. Bh5 b2 78. Be2 Bc3 79. Bh5 Bd4 1/2-1/2

[Event "AUTO-OPEN-4626"]
[Site "http://www.queenalice.com/game.php?id=1866106"]
[Date "2025.11.24"]
[Round "1"]
[White "mvson33"]
[Black "Fredo"]
[Result "1/2-1/2"]
[WhiteElo "1900"]
[BlackElo "2109"]

1. d4 Nf6 2. Nf3 g6 3. e3 Bg7 4. Be2 O-O 5. O-O d5 6. c4 c6 7. Nc3 Bf5 8. cxd5
Nxd5 9. Bd2 Nxc3 10. Bxc3 Qc7 11. Rc1 Be4 12. Bd3 Bxd3 13. Qxd3 Nd7 14. Qc2 Rad8
15. a3 Rfe8 16. Qb3 e6 17. Rc2 Nb6 18. Rfc1 Nd5 19. Bd2 Nf6 20. Ne5 Nd7 21. Nxd7
Rxd7 22. Qc4 Red8 23. g3 Qb8 24. Ba5 Rc8 25. Qe2 Bf8 26. Qc4 b6 27. Bd2 c5 28.
dxc5 Rxc5 29. Qa4 Rdc7 30. Rxc5 Bxc5 31. Qc2 Bd6 32. Bc3 Bf8 33. Qd2 Qc8 34. Qd4
f6 35. Qxf6 Bg7 36. Qf3 Bxc3 37. Rxc3 Rxc3 38. bxc3 a5 39. e4 Qf8 40. Qe3 Qxa3
41. Qxb6 Qxc3 42. Qxe6+ Kg7 43. Qa2 Qe1+ 44. Kg2 Qxe4+ 45. Kg1 a4 46. h4 Qe1+
47. Kg2 Qe4+ 48. Kg1 Qb4 49. Kg2 Qb3 50. Qa1+ Kg8 51. Kg1 a3 52. Qe5 Qb1+ 53.
Kh2 Qb2 54. Qe8+ Kg7 55. Qe7+ Kg8 56. Qe8+ Kg7 57. Qe7+ Kg8 58. Qe8+ 1/2-1/2

[Event "AUTO-MASTER-3289"]
[Site "http://www.queenalice.com/game.php?id=1866188"]
[Date "2025.11.26"]
[Round "1"]
[White "cerenzo72"]
[Black "Fredo"]
[Result "1-0"]
[WhiteElo "2183"]
[BlackElo "2106"]

1. c4 Nf6 2. Nc3 e5 3. e4 Bc5 4. Nf3 Nc6 5. Be2 O-O 6. O-O Re8 7. a3 Bf8 8. b4
d6 9. Bb2 a6 10. Qc2 Be6 11. Rad1 Ne7 12. Ng5 Bd7 13. Qb3 h6 14. Nf3 Ng6 15. d4
exd4 16. Nxd4 Nxe4 17. Nxe4 Rxe4 18. Bf3 Re8 19. Bxb7 Ra7 20. Bd5 Ne5 21. Nf3
Nxf3+ 22. Qxf3 Be6 23. Bd4 Bxd5 24. cxd5 Ra8 25. Qg3 Qg5 26. Qc3 Rac8 27. Qc6 g6
28. Be3 Rxe3 29. fxe3 Qxe3+ 30. Kh1 Qxa3 31. Qb7 Re8 32. Qxc7 Re7 33. Qxd6 Re1
34. Qf6 Rxf1+ 35. Rxf1 Qd3 36. Qxf7+ 1-0